000 00440nam a2200169Ia 4500
003 GCL
008 140319s9999 xx 000 0 eng d
040 _aGCL /
_cGCL
082 0 4 _a526.9
_bW E
100 1 _aWOLF, PAUL R.
245 1 0 _aELEMENTARY SURVEYING /
_cWOLF, PAUL R.
700 1 _aBRINKER, RUSSELLC
260 _a[S.N] :
_bHARPER COLLINS COLLEGE PUBLISBERS ،
_c1994
300 _a760 P
650 0 4 _aSURVEYING
942 _2ddc
_cBK
999 _c10654
_d10654